000 00999cam a2200289 4500
008 000000n2000 000 0 eng u
020 _a1842190342
022 _a1354-506X
035 _a(Sirsi) u109402
050 _a333.33
_c18
100 _aHenneberry, John M.
245 _aProperty market processes and development outcomes in cities and regions
260 _aLondon
_bRICS Research Foundation
_c2000
300 _a59p.
_c30cm.
490 _aRICS Foundation Research Papers
_v3(9)
520 _aConsiders urban and regional property market processes, thier development outcomes and the implications for economic development.
650 _aPROPERTY PRICES
650 _aPROPERTY MARKET
650 _aECONOMIC DEVELOPMENT
650 _aOFFICES
650 _aINDUSTRIAL PROPERTY
650 _aRETAIL PROPERTY
690 _aCOMMERICAL PROPERTY-MARKET
700 _aRowley, Steven
710 _aRoyal Institution of Chartered Surveyors
_bResearch Foundation
_93861
942 _n0
999 _c100930
_d100930